How to draw Roses and Floral Biug (Record no. 233801)

MARC details
000 -LEADER
fixed length control field 00266pam a2200133 a 4500
020 ## - INTERNATIONAL STANDARD BOOK NUMBER
Terms of availability
041 ## - LANGUAGE CODE
Language code of original
082 ## - DEWEY DECIMAL CLASSIFICATION NUMBER
Classification number 743.7
Item number ADE
100 ## - MAIN ENTRY--PERSONAL NAME
Personal name Ades Lola.
245 ## - TITLE STATEMENT
Title How to draw Roses and Floral Biug
250 ## - EDITION STATEMENT
Edition statement 1998.
260 ## - PUBLICATION, DISTRIBUTION, ETC.
Place of publication, distribution, etc. Pune:
Name of publisher, distributor, etc. [s.n].
930 ## - EQUIVALENCE OR CROSS-REFERENCE-UNIFORM TITLE HEADING [LOCAL, CANADA]
Uniform title 11
Holdings
Withdrawn status Lost status Damaged status Not for loan Collection Home library Current library Date acquired Source of acquisition Cost, normal purchase price Total Checkouts Full call number Barcode Date last seen Copy number Price effective from Koha item type
          College of Fine Arts, Pune College of Fine Arts, Pune 16/07/2013 m/s Unicate Pub 300.00   743.7 ADE FAP-0012 07/03/2023 1 07/03/2023 Book